| 000 | 00606nam a2200181Ia 4500 | ||
|---|---|---|---|
| 003 | GCL | ||
| 008 | 140319s9999 xx 000 0 ara d | ||
| 040 |
_aGCL / _cGCL |
||
| 082 | 0 | 4 |
_a823.009 _bا د |
| 100 | 1 | _aانجيل بطرس سمعان | |
| 245 | 1 | 0 |
_aدراسات فى الرواية الانجليزية / _cانجيل بطرس سمعان |
| 300 | _a165 ص | ||
| 490 |
_aالهيئة العامة للاستعلامات _v0 |
||
| 650 | 0 | 4 | _aالعصر الحديث |
| 650 | 0 | 4 | _aالادب الانجليزى |
| 650 | 0 | 4 | _aالقصة الانجليزية - تاريخ ونقد |
| 942 |
_2ddc _cBK |
||
| 999 |
_c46995 _d46995 |
||